000 004410000a22001810004500
003 MACL
005 20150730124126.0
008 150730b xxu||||| |||| 00| 0 eng d
040 _aMACL
_cMACL
041 _aEnglish
082 _a342/SHA
100 _aShakdher, S L
_93394
245 _aThe Constitution and The Parliament in India
260 _bNational
_c1976
_aNew Delhi
350 _a125
650 _aLaw
_93395
942 _cBK
_k342
_2ddc
999 _c6966
_d6966